[Event "Hamburg HSK Christmas op"]
[Site "Hamburg"]
[Date "2022.12.28"]
[Round "4"]
[White "Alpers, Arne"]
[Black "Laucht, Philipp"]
[Result "1-0"]
[WhiteElo "1856"]
[BlackElo "1598"]
[PlyCount "111"]
[EventDate "2022.12.27"]
[EventType "swiss"]
[EventRounds "7"]
[EventCountry "GER"]
[SourceTitle "EXT 2024"]
[Source "ChessBase"]
[SourceDate "2023.10.10"]
[SourceVersion "1"]
[SourceVersionDate "2023.10.10"]
[SourceQuality "1"]

1. d4 Nf6 2. c4 g6 3. Nc3 d5 4. cxd5 Nxd5 5. e4 Nxc3 6. bxc3 Bg7 7. Bc4 c5 8. Ne2 0-0 9. 0-0 Nc6 10. Be3 Bd7 11. Rb1 Qc7 12. Bf4 Qc8 13. Rc1 Rd8 14. Qd2 Be8 15. Rfd1 Na5 16. Bd3 Ba4 17. Re1 Qd7 18. c4 b6 19. d5 e5 20. Bg5 f6 21. Be3 Qf7 22. Bxc5 Rac8 23. Bb4 Nb7 24. Nc3 Bd7 25. Bf1 Nc5 26. Nb5 Qf8 27. Qd1 Bh6 28. Rb1 a6 29. Nc3 Qe8 30. Bxc5 bxc5 31. Rb6 Rb8 32. Rxf6 Rb2 33. Rxa6 Bd2 34. Ra3 Bxe1 35. Qxe1 Qf7 36. Nd1 Rb1 37. Bd3 Ra1 38. Bc2 Rb8 39. Qc3 Rc1 40. Qd2 Qf4 41. Re3 Rbb1 42. Bxb1 Rxb1 43. Qc2 Ra1 44. Re1 Rc1 45. Qe2 Ba4 46. g3 Qf6 47. Ne3 Rc3 48. Qb2 Rd3 49. Qb8+ Qf8 50. Qxf8+ Kxf8 51. Ng4 Ra3 52. Nxe5 Rxa2 53. Nd3 Bb3 54. Nxc5 Bxc4 55. d6 Ra5 56. d7 1-0

[Event "San Bernardino op"]
[Site "San Bernardino"]
[Date "2022.02.05"]
[Round "2"]
[White "Alpers, Arne"]
[Black "Boschetti, Claudio"]
[Result "1-0"]
[WhiteElo "1733"]
[BlackElo "2018"]
[PlyCount "61"]
[EventDate "2022.02.04"]
[EventType "swiss"]
[EventRounds "5"]
[EventCountry "SUI"]
[SourceTitle "EXT 2023"]
[Source "ChessBase"]
[SourceDate "2022.10.05"]
[SourceVersion "1"]
[SourceVersionDate "2022.10.05"]
[SourceQuality "1"]

1. d4 Nf6 2. c4 e5 3. dxe5 Ng4 4. Bf4 Nc6 5. Nf3 Bb4+ 6. Nbd2 Qe7 7. e3 Ngxe5 8. Nxe5 Nxe5 9. Be2 0-0 10. 0-0 Ng6 11. Bg3 Bd6 12. Bxd6 Qxd6 13. Nb1 Qf6 14. Nc3 c6 15. Qd2 Re8 16. Rfd1 Nh4 17. Qd4 Qg5 18. Qg4 Qe7 19. Rd4 Ng6 20. Qg3 Qb4 21. Rb1 Ne7 22. a3 Qa5 23. Bg4 d5 24. cxd5 cxd5 25. Rbd1 Be6 26. R4d2 Rac8 27. Bf3 Nf5 28. Qf4 Rc4 29. Rxd5 b5 30. Qxc4 Bxd5 31. Qxd5 1-0

[Event "Niedersachsen-ch U12"]
[Site "Rotenburg"]
[Date "2013.03.29"]
[Round "11"]
[White "Alpers, Arne"]
[Black "Von Estorff, Jacob"]
[Result "1/2-1/2"]
[WhiteElo "1187"]
[BlackElo "1161"]
[PlyCount "97"]
[EventDate "2013.03.23"]
[EventType "swiss"]
[EventRounds "11"]
[EventCountry "GER"]
[SourceTitle "EXT 2015"]
[Source "ChessBase"]
[SourceDate "2014.11.20"]
[SourceVersion "1"]
[SourceVersionDate "2014.11.20"]
[SourceQuality "1"]

1. e4 e5 2. Nf3 Nc6 3. d4 exd4 4. Nxd4 Bc5 5. Nb3 Bb6 6. Qe2 d6 7. Be3 Nge7 8. Nc3 Bxe3 9. Qxe3 0-0 10. 0-0-0 Be6 11. f3 Re8 12. g4 f6 13. h4 Rf8 14. h5 h6 15. Ne2 Ne5 16. Nf4 Qc8 17. Nxe6 Qxe6 18. Kb1 Kh8 19. Nd4 Qd7 20. Bb5 c6 21. Be2 a5 22. Rdg1 d5 23. f4 Nf7 24. exd5 Nxd5 25. Qd2 Nd6 26. Bd3 Nf7 27. Nf3 Qd6 28. g5 Nxf4 29. gxh6 Nxh6 30. Nh4 Rf7 31. Qxf4 Qxf4 32. Ng6+ Kg8 33. Nxf4 Rd7 34. Rd1 Re7 35. Bc4+ Nf7 36. h6 Kh7 37. hxg7+ Kxg7 38. Rdg1+ Ng5 39. Nh5+ Kg6 40. Nf4+ Kg7 41. Ne6+ Kg6 42. Nf4+ Kg7 43. Ne6+ Kg6 44. Bd3+ Kf7 45. Nxg5+ fxg5 46. Rh7+ Kf8 47. Rxe7 Kxe7 48. Rxg5 Kd6 49. c3 1/2-1/2

[Event "Niedersachsen-ch U12"]
[Site "Rotenburg"]
[Date "2013.03.28"]
[Round "9"]
[White "Moenster, Madita"]
[Black "Alpers, Arne"]
[Result "1-0"]
[WhiteElo "1503"]
[BlackElo "1187"]
[PlyCount "88"]
[EventDate "2013.03.23"]
[EventType "swiss"]
[EventRounds "11"]
[EventCountry "GER"]
[SourceTitle "EXT 2015"]
[Source "ChessBase"]
[SourceDate "2014.11.20"]
[SourceVersion "1"]
[SourceVersionDate "2014.11.20"]
[SourceQuality "1"]

1. Nf3 d5 2. c4 dxc4 3. e3 Nc6 4. Bxc4 e5 5. 0-0 Bg4 6. d3 Nf6 7. Nbd2 Qd7 8. Qc2 h6 9. Bb5 Bd6 10. e4 0-0 11. d4 Rfe8 12. d5 Nb4 13. Bxd7 Nxc2 14. Bxe8 Nxa1 15. Ba4 a6 16. Re1 b5 17. Bd1 b4 18. b3 Bc5 19. Bb2 Bd4 20. Nxd4 Bxd1 21. Bxa1 exd4 22. Rxd1 Re8 23. f3 Nh5 24. Bxd4 Nf4 25. Kf1 f6 26. Nc4 Rc8 27. Bc5 a5 28. Nxa5 Ra8 29. Bxb4 Rb8 30. Nc6 Rb6 31. a4 Ng6 32. Rb1 Ne5 33. Bc5 Ra6 34. Nxe5 fxe5 35. g3 g5 36. Be7 Kf7 37. Bd8 Ra7 38. Rc1 Ke8 39. Bxc7 Rb7 40. Rc3 Kf8 41. Bxe5 Rf7 42. Rc8+ Ke7 43. Rc7+ Kf8 44. Rxf7+ Kxf7 1-0